00378nam a2200145Ia 4500008004100000020001500041082001800056100001600074245004000090260002500130300001400155500002400169650001600193700002300209230524s9999 xx 000 0 und d a0074624989 a621.3821bZBE aPaul B.Zbar 0aBasic Electronics A Text Lab Manual aNEW DELHIbTMHc2003 aXIIII;381 aQuantity Number: 5 aElectronics a Albert P. Malvino